[Event "Bundesliga 0203"]
[Site "Germany"]
[Date "2003.03.09"]
[Round "13.1"]
[White "Khenkin, Igor"]
[Black "Bischoff, Klaus"]
[Result "1-0"]
[WhiteElo "2603"]
[BlackElo "2554"]
[Annotator "Martin,A"]
[PlyCount "63"]
[EventDate "2002.10.19"]
[EventType "team-tourn"]
[EventRounds "15"]
[EventCountry "GER"]
[SourceTitle "CBM 094"]
[Source "ChessBase"]
[SourceDate "2003.05.26"]
[SourceVersion "1"]
[SourceVersionDate "2003.05.26"]
[SourceQuality "1"]
[WhiteTeam "Tegernsee"]
[BlackTeam "Plauen"]
[WhiteTeamCountry "GER"]
[BlackTeamCountry "GER"]

1. d4 Nf6 2. c4 e6 3. Nc3 d5 4. cxd5 exd5 5. Bg5 c6 6. e3 Be7 7. Bd3 Nbd7 8. h3
O-O 9. Qc2 Re8 10. Nf3 Nf8 11. Bf4 {This the starting position for our brief
investigation. Black is denied ...Nf6-e4 for the time being. Against that,
Bg5-f4 has cost White a tempo. It is hard to appreciate that this is not a
loss of time and so this variation has not been as popular as it might have
been over the years. Nevertheless many Grandmasters have come this way,
including Portisch, who used it to win a big game against Larsen, which I
quote below. We deal first with lines where White castles long, an outwardly
aggressive approach.} N6d7 (11... Bd6 {seems like it should be the move, as
White has wasted a tempo with his bishop, but White can just build up a strong
position.} 12. Bxd6 Qxd6 13. O-O-O $1 {Black is left contemplating what he is
going to do with his knights. White has no such concerns and plans to play
g2-g4!} a5 14. Kb1 {A bit of prophylaxis.} Be6 15. Rc1 Re7 16. Na4 N6d7 17. g4
$1 {Dreev stamped on any Black attempts to raise queenside counterplay and
begins his own assault.} Rc8 18. Rhg1 Rce8 19. h4 Nf6 20. g5 N6d7 (20... Ne4
21. Ne5 $1 {leaves the Black position in curious disarray. It is hard to find
a plan and White threatens f2-f3.}) 21. h5 Rc8 22. Nc5 b6 23. Ba6 Rc7 24. Nb7 {
Very odd that the winning strike comes on the queenside.} Rxb7 25. Bxb7 Nb8 26.
Bxc6 Rc7 27. Ne5 Nxc6 28. Nxc6 Rc8 29. e4 Qd7 30. exd5 {1-0 Dreev,A (2655)
-Murali Krishnan,B (2412)/Bhubaneswar 2010  Dreev made it look so easy.}) (
11... Ng6 12. Bh2 Bd6 {again exchanges bishops and Black seems to have won
even more time this way round,as he played ...Ng6 more or less for free. But
White will castle long again and then regain time later by hitting the black
knights with advancing pawns.} 13. Bxd6 Qxd6 14. O-O-O Qe7 15. g4 Be6 16. g5
Ne4 (16... Nd7 17. h4 {is automatic and very strong.}) 17. Bxe4 dxe4 18. Qxe4
b5 19. h4 b4 20. Na4 Qd6 21. h5 Bd5 22. Qg4 Nf8 23. b3 $1 $16 {Correctly
assessing the position by noting that he can deal with any of Black's tactics
and that with c5 under control the chance of a winning Black attack is minimal.
} Qe6 24. Qf4 Nd7 (24... Bxb3 25. axb3 Qxb3 26. Nc5 $1 Qa3+ 27. Kb1 Ne6 28. Qf5
b3 29. Rd2 {is a cool defence.}) 25. Rhe1 Bxb3 {He has to try this.} 26. axb3
Qxb3 27. Nb2 $1 Qa2 28. Qf5 c5 29. Qxd7 cxd4 30. Rxd4 Rac8+ 31. Rc4 Rxc4+ 32.
Nxc4 Qxc4+ 33. Kd2 Qa2+ 34. Kd1 Rf8 35. Qd2 Qa5 36. Ke2 Rd8 37. Nd4 Qxg5 38.
Qxb4 Qxh5+ 39. Nf3 h6 40. Ra1 {The smoke is clearing and the technical phase
begins. Usually, with an extra knight in a position such as this, White would
look to try to get the initative to tie Black down, after which he can then
train his sights on the weak queenside pawn.} Rc8 41. Qb1 a5 42. Ra4 Qc5 43.
Nd4 Qh5+ 44. Kd2 Qh4 45. Qf5 Rb8 46. Ra2 h5 47. Qf4 Qd8 48. Ke2 Qb6 49. Qf5
Qa6+ 50. Qd3 Qa8 51. Qc4 Qe4 52. Qc6 Qb1 53. Qc2 Qb6 54. Nf3 Rd8 55. Nd4 Rb8
56. Qd3 g6 57. Rc2 Qb1 58. Nf3 (58. Rc8+ Kh7 59. Qxb1 Rxb1 60. Ra8 Ra1 61. Ra7
Kg8 62. Kf3 a4 63. Nb5 {should also be winning, but I think Portisch wanted to
retain queens to add to the pressure}) 58... Qb7 59. Ne5 Rc8 60. Rd2 h4 61. Qd5
Qa6+ (61... Qxd5 62. Rxd5 Ra8 63. Rd4 a4 64. Rxh4 $18 a3 65. Rh1 Kg7 66. Ra1 f6
67. Nc4 a2 68. Nb6 Ra6 69. Nd5 $18) 62. Kf3 Qf6+ 63. Kg2 Qf5 64. Nf3 Qf6 65.
Qxa5 {Larsen's last hope disappears.} h3+ 66. Kg3 Qc6 67. Rd8+ Rxd8 68. Qxd8+
Kg7 69. Qh4 f6 70. Qxh3 Qd6+ 71. Kg2 Qd5 72. Qg4 Qc6 73. Kg3 Qc1 74. Qd7+ Kh6
75. Kg2 Qa1 76. Qe8 g5 77. Nd4 Qb1 78. e4 g4 79. Nf5+ Kg5 80. Ne3 {1-0
Portisch,L (2625)-Larsen,B (2615)/Rotterdam 1977/Candidates  One of the
classics!}) 12. O-O-O Nb6 13. Kb1 Be6 14. h4 {The line that bischoff has
chosen does not appear too promising for Black. He spent time relocating his
poorly-placed knight on f6 to an equally poor square on b6! So Khenkin starts
the charge!} (14. g4 {makes less sense with no knight on f6 to hit.}) 14... f6
15. Rdg1 h5 16. g4 $1 {Really, this is self-explanatory,although ypu have to
have the courage to sacrifice a pawn.} hxg4 (16... Bxg4 17. Nh2 $1 {forces
open lines.} Be6 18. Bh6 $18) 17. Nh2 Qd7 18. f3 $1 {Opposite-sides castling
situations require quick attacks. White has all the potential here and Black
has very little to respond with.} f5 19. fxg4 fxg4 20. h5 Nc4 {Feeble.} 21. h6
g5 22. Bxc4 gxf4 (22... dxc4 23. h7+ Nxh7 24. Nxg4 Bf5 25. Nh6+ $18) 23. Nxg4
Bxg4 24. Be2 Kh8 25. Rxg4 Bf6 26. Rhg1 {Black has been completely murdered by
the speed and power of Khenkin's attack.} Ne6 27. Qf5 Qe7 28. Bd3 Bg5 29. exf4
Rf8 30. Qe5+ Bf6 31. Rg7 $1 {Nice tactical control.} Rf7 (31... Bxe5 32. Rxe7
$18) 32. Qf5 {Castling long seems to be a promising approach and what's more,
it's applicable against most of Black's standard tries.} 1-0

[Event "Reykjavik Hrokurinn"]
[Site "Reykjavik"]
[Date "2003.02.21"]
[Round "4"]
[White "Sokolov, Ivan"]
[Black "McShane, Luke J"]
[Result "1-0"]
[WhiteElo "2688"]
[BlackElo "2568"]
[Annotator "McShane,L"]
[PlyCount "91"]
[EventDate "2003.02.18"]
[EventType "tourn"]
[EventRounds "9"]
[EventCountry "ISL"]
[EventCategory "15"]
[SourceTitle "CBM 094"]
[Source "ChessBase"]
[SourceDate "2003.05.26"]
[SourceVersion "1"]
[SourceVersionDate "2003.05.26"]
[SourceQuality "1"]

1. d4 Nf6 2. c4 e6 3. Nc3 d5 4. cxd5 exd5 5. Bg5 Be7 6. e3 O-O 7. Bd3 Nbd7 8.
Nf3 Re8 9. Qc2 Nf8 10. O-O c6 11. h3 g6 {This makes more sense here than
against 11.Rab1, because White is further behind with his Q-side play. But the
Bh6 idea is very dangerous, and White seems to have very good results from the
position after 14.g4.} 12. Bh6 (12. Rab1 Ne6 13. Bh6 Ng7 14. b4 a6 15. a4 Bf5
16. Bxg7 Bxd3 17. Qxd3 Kxg7 18. b5 axb5 19. axb5 Ra3 $132) 12... Ne6 13. Ne5
Ng7 (13... Bf8 {may be playable, although White would surely be comfortable
with} 14. Bxf8 Nxf8 (14... Rxf8 $5 15. f4 (15. b4 $5) 15... Ng7 {[%cal Yc8f5]}
16. g4 Nfe8 {[%csl Gd6][%cal Yf7f6,Ye8d6]} 17. f5 gxf5 (17... f6 $4 18. fxg6 $1
fxe5 19. gxh7+ Kh8 20. Rxf8# {[%csl Gf8,Rh8][%cal Yf8h8]}) 18. gxf5 f6 19. Ng4
{looks very dangerous.}) 15. f4 $36) 14. g4 Nd7 15. f4 Bf8 16. Qf2 (16. Nxf7 {
Even this early, I had to analyse this kind of threat. I think this is OK for
Black though.} Kxf7 (16... Qh4 {[%csl Rf7,Rh6][%cal Yh4g3]} 17. Rf3 $1 Kxf7 18.
Bg5 $18 {[%csl Rh4]}) 17. f5 Qh4 18. fxg6+ Kg8 19. gxh7+ Kh8 {and White
clearly has compensation, but Black looks alright.}) 16... Nxe5 ({I was
considering} 16... Ne6 {for some time, but realised I am probably just lost
after} 17. Nxf7 $3 Kxf7 18. f5 Kg8 (18... Bxh6 19. fxg6+ Ke7 $8 (19... Kg7 20.
Qf7+ Kh8 21. Qxh7#) 20. Qh4+ {and now Fritz seems to think the game may not be
over, but it looked absolutely terrifying to me, the quickest mate being} Kd6
21. Qg3+ Ke7 22. Rf7#) 19. fxg6 Kh8 {and according to Fritz Black is better!})
17. fxe5 (17. dxe5 {was what I expected, and now I looked at} Ne6 18. Bxf8 Nxf8
19. f5 Qc7 {but} 20. e6 $1 fxe6 21. f6 Kf7 (21... Qf7 {just looked too passive,
though perhaps this is playable somehow.}) 22. Qh4 $1 {[%csl Rf7][%cal Yh4h6,
Yh6g7] I suspected I was in deep trouble here, though Fritz still reckons it's
about equal.}) 17... Be6 18. Ne2 Be7 {Maybe I should just have left this piece
on f8 and aimed for some sort of counterplay with c6-c5.} 19. Nf4 Bh4 20. Qf3 (
20. Qg2 {is also interesting. Probably I would play Bh4-g5, since White may be
threatening g4-g5 himself, cutting off my B.}) 20... Rf8 (20... f6 21. Nxe6 (
21. Nxg6 $1 {- Fritz, may be even stronger.}) 21... Rxe6 22. Bf5 $1 {and White
has a huge attack.}) 21. Kh2 (21. Nxe6 {worried me. I was tempted to sacrifice
an exchange with} Nxe6 (21... fxe6 22. Qg2) 22. Bxf8 Qxf8 {with reasonable
compensation, since White probably must return to the old b4-b5 plan, and
Black should probably get decent chances at some stage.}) 21... Qe7 22. Ng2 Bg5
23. Bxg5 Qxg5 24. Rf2 (24. Qf6 Qxf6 25. exf6 Ne8 26. g5 Nd6 {[%csl Re3,Ge4]
[%cal Ye6f5] is just what I wanted, when I have definitely survived}) (24. Qf4
Qxf4+ 25. exf4 f5 {also looked defensible.}) 24... f5 $1 {I think this is
correct here.} 25. exf6 Ne8 26. Raf1 Nxf6 {I have almost managed to keep
everything under control, but I had used up all but about 10 minutes here, and
I needed to play briskly, which caused me to blunder.} 27. Qg3 Rae8 $4 (27...
Kg7 28. Be2 $1 {[%csl Rf6,Gg4][%cal Yh3h4,Ye2g4]}) (27... Nd7 28. Qc7 Rxf2 29.
Rxf2 Rb8 30. Nf4 Qe7) 28. Rxf6 $1 Rxf6 29. h4 {[%csl Rf6]} Rxf1 30. hxg5 Rd1
31. Nf4 Bf7 32. Qf3 Rd2+ 33. Kh3 Rf8 34. b4 Rxa2 35. b5 a5 36. bxa6 bxa6 37. e4
{Maybe this was correct, but I get remarkably close to a draw now, due to a
fortress position.} dxe4 38. Bxe4 Ra4 39. d5 Re8 $2 (39... cxd5 40. Nxd5 {
[%csl Gf6][%cal Yd5f6]} Bxd5 41. Bxd5+ Kg7 42. Qc3+ $18 {[%csl Gc3,Gd5,Rg7]}) (
39... Bxd5 40. Bxd5+ cxd5 41. Qxd5+ Rf7 42. Ne6 Ra3+ 43. Kg2 $1 {may be the
only way to win.} (43. Kh4 Raf3 {and I can't see how he can stop me reaching a
fortress.}) 43... Re7 (43... Raf3 44. Qxf3 Rxf3 45. Kxf3 {and I guess this
ending is winning for him.}) 44. Nc5+ $5 (44. Qd6 Kf7 45. Nd8+ Ke8 46. Qxa3
Kxd8) 44... Kg7 45. Nd7 Re2+ $5 46. Kf1 Rae3 47. Qd4+ Kf7 48. Qc4+ Ke7 49. Nf6
Re1+ 50. Kf2 R1e2+ 51. Qxe2 Rxe2+ 52. Kxe2 $18) 40. Nh5 $1 $18 {Ouch!} gxh5 (
40... Raxe4 41. Nf6+ Kg7 42. Nxe4 Bxd5 43. Qf6+ Kg8 44. Nc5) 41. Bxh7+ Kf8 42.
gxh5 (42. g6 $4 hxg4+ $19) 42... Re7 43. g6 Rb7 $5 44. h6 Rab4 {[%cal Yb4b3]}
45. g7+ Ke8 (45... Ke7 46. g8=Q Bxg8 47. Bxg8 Rb3 48. d6+ $18) 46. Bg6 1-0

[Event "BCF-ch 89th"]
[Site "Torquay"]
[Date "2002.08.02"]
[Round "5"]
[White "McShane, Luke J"]
[Black "Kunte, Abhijit"]
[Result "1/2-1/2"]
[WhiteElo "2544"]
[BlackElo "2477"]
[Annotator "McShane,L"]
[PlyCount "117"]
[EventDate "2002.07.29"]
[EventType "swiss"]
[EventRounds "11"]
[EventCountry "ENG"]
[SourceTitle "CBM 091"]
[Source "ChessBase"]
[SourceDate "2002.11.12"]
[SourceVersion "1"]
[SourceVersionDate "2002.11.12"]
[SourceQuality "1"]

1. d4 d5 2. c4 e6 3. Nc3 Nf6 4. cxd5 exd5 5. Bg5 c6 6. Qc2 Na6 $5 7. a3 Nc7 8.
e3 Ne6 9. Bh4 Be7 10. Bd3 g6 11. Nge2 Ng7 12. f3 {[%cal Ye3e4]} O-O 13. O-O b6
(13... Re8 $5) 14. Rad1 Bb7 15. Kh1 Rc8 16. h3 $6 {[%csl Rg3][%cal Yh3g4]} (16.
Bf2 $142) 16... Nd7 (16... Nfh5 $142 17. Bf2 Bh4 $132) 17. Bg3 $14 Bh4 18. Bh2
c5 19. Qd2 cxd4 20. Nxd4 a6 {[%csl Ga6][%cal Yd4b5,Yc3b5]} 21. e4 $5 (21. Bb1
b5 $132 {[%cal Yd7b6]}) 21... Nc5 $1 (21... dxe4 22. Bxe4 Bxe4 (22... Nc5 $5)
23. Nxe4 $36 {[%csl Gd4,Ge4] Looks quite dangerous for Black.}) 22. e5 f6 $6 (
22... Nge6 23. Nce2 Nxd4 24. Nxd4 Ne6 25. Bg1 Bg3 26. f4 Qh4 27. Be3 {[%cal
Yd4f3]} (27. Ne2 $4 Qxh3+ $3 28. gxh3 d4+ $19 {was a pitfall.})) 23. Bb1 fxe5
24. Bxe5 Bf6 25. Rfe1 Bxe5 26. Rxe5 Qd6 27. Rde1 $2 {This was a bad move to
play quickly.} Ne4 $1 {[%csl Re5]} 28. Bxe4 (28. fxe4 Qxe5 29. exd5 Qf4 $1 $17)
(28. Nxe4 Qxe5 29. Nc5 Qf4 $1 $17 {[%csl Rd4]} (29... Qb8 30. Nd7) (29... Qc7
30. Nce6)) 28... dxe4 29. f4 Nf5 (29... Rcd8 30. Rd1 (30. Nce2 $5 Nh5 31. Qe3
Nxf4 32. Nxf4 Qxe5 33. Nde6 Qxb2 $17) 30... Nh5 31. Re6 {is not so disastrous
for White.} (31. Rxh5 gxh5 32. Nce2 e3 $1) 31... Qxf4) (29... Rfd8 30. Rd1 (30.
Nce2 $2 Nf5 (30... Rc4 31. Rc1 $1 Rxd4 $140 32. Qxd4 Qxd4 33. Nxd4 Rxd4 34. Rc7
$1 Bd5 35. Ree7 $16 (35. Rd7 Rd1+ 36. Kh2 Bb3 37. Rxd1 Bxd1 38. Rxe4 $16)) 31.
Rd1 Rc4 32. Nb3 (32. Rxf5 $142 gxf5 33. Qe3 {[%csl Rb7,Gd4]}) 32... Qxd2 33.
Rxd2 Rxd2 34. Nxd2 Rc2 $19) 30... Rc4 (30... Nf5 $6 31. Nxf5 Qxd2 32. Ne7+ Kf8
33. Rxd2 Rxd2 34. Nxc8 Bxc8 35. Nxe4 $14) 31. Nb3) (29... Nh5 30. Re6) 30. Rd1
Rcd8 (30... e3 31. Qd3 Rfd8 (31... Rcd8 32. Qc4+ $1 $18 {[%csl Gd1][%cal Yd4f5]
}) (31... Nh4 32. Ne4) 32. Nxf5) 31. Nce2 e3 32. Qe1 {[%cal Ye1h4]} (32. Qc3
Nh4 33. Rg1) 32... Nxd4 33. Rxd4 Qc6 34. Qg3 Rxd4 35. Nxd4 Qc1+ 36. Kh2 Qxb2 (
36... Qd2 {was an interesting option which Jon Speelman liked the look of
instinctively, though the queen is also good on the long diagonal.} 37. Nf5 $5
Rxf5 $140 38. Rxf5 Bxg2 39. Qxg2 Qxg2+ 40. Kxg2 gxf5 41. Kf3 Kf7 42. Kxe3 Ke6
43. Kd4 {[%csl Gd4]}) 37. Ne6 Re8 (37... Rc8 38. Rg5 $1 {[%csl Rg8][%cal Yg5g6]
} (38. Qg5 Bxg2 $1 $19) 38... Bxg2 39. Rxg6+ Kf7 (39... Kh8 40. Qxg2 $18 Rc2 $4
41. Rg8#) (39... hxg6 40. Qxg6+ Kh8 41. Qh6+ $11) 40. Rg7+ Ke8 (40... Kxe6 41.
Qg4+ Kd5 42. Qf5+ $18 {[%cal Yg7g2]}) 41. Qxg2 Rc2 42. Nc7+ $11 {Harikrishna
was quick to spot this perpetual when we were analysing.} Kd8 43. Ne6+ Ke8 (
43... Kc8 $4 44. Rc7+ $18)) 38. Rxe3 Qf6 39. Ng5 Rf8 (39... Rxe3 40. Qxe3 $14 {
[%csl Ge3,Gg5]} Qc6 41. Kg3 $5 h6 (41... Qxg2+ 42. Kh4 $40 {[%csl Rg8]}) 42.
Nf3 $14) 40. Re6 (40. f5 $5 Qxf5 41. Re7 Bd5 42. Nxh7 Rf7 43. Re8+ (43. Re5 Qf4
44. Rxd5 Qxg3+ 45. Kxg3 Kxh7 46. Rd6 Rc7 $11) 43... Kxh7 44. Qh4+ Qh5 45. Qd4
Rg7 (45... Kh6 $2 46. Rh8+ Rh7 47. Qf4+ g5 $8 48. Qf8+ Kg6 49. Qd6+ Kg7 (49...
Kf5 50. Qxd5+ $18) 50. Rd8 $18 {according to Fritz.}) 46. Re5 Bxg2 $1 {
Harikrishna again.} (46... Qh6 47. Rxd5 $40 {[%csl Rh7]}) 47. Rxh5+ gxh5 48.
Qxb6 Bb7 $11) 40... Qxf4 41. Rxb6 Qxg3+ 42. Kxg3 Rf5 43. Nxh7 (43. h4 $1 Bc8 $1
(43... Rb5 44. Rxb5 axb5 45. Ne6 {is dangerous, e.g.} Bc6 46. Nd4 Bd7 47. Kf4 {
[%csl Rb5,Gd4,Gf4,Rg8]} Kf7 48. g4 h6 49. g5 hxg5+ 50. hxg5 $16) 44. Rc6 Rf8 {
and Black should be able to play himself out of trouble with a few cautious
moves.}) 43... Bxg2 $1 44. Nf6+ Kg7 $8 (44... Kf7 45. Ng4 $18 {[%cal Yg4h6]})
45. Ne8+ Kf8 (45... Kf7 46. Nd6+ $18) 46. Kxg2 (46. Rb8 Rg5+ $1 $11) 46... Rg5+
47. Kf3 Kxe8 48. Rxa6 Kf7 49. Rc6 Ra5 50. Rc3 Ra4 51. Re3 g5 $1 52. Ke2 g4 53.
hxg4 Rxg4 54. Kd3 Ra4 55. Kc2 Ra7 56. Kb3 Re7 57. Rd3 Ke8 58. Kb4 Rd7 59. Rxd7
1/2-1/2

[Event "Metz op 30th"]
[Site "Metz"]
[Date "2012.04.17"]
[Round "6"]
[White "Eingorn, Vereslav S"]
[Black "Michiels, Bart"]
[Result "1/2-1/2"]
[WhiteElo "2569"]
[BlackElo "2502"]
[Annotator "Metz Alekhine/Primel,D"]
[PlyCount "51"]
[EventDate "2012.04.14"]
[EventType "swiss"]
[EventRounds "9"]
[EventCountry "FRA"]
[SourceTitle "EXT 2013"]
[Source "ChessBase"]
[SourceDate "2012.11.22"]
[SourceVersion "1"]
[SourceVersionDate "2012.11.22"]
[SourceQuality "1"]

1. c4 c6 2. Nf3 d5 3. d4 Nf6 4. Nc3 e6 5. Bg5 Nbd7 6. cxd5 exd5 7. e3 Be7 8.
Qc2 O-O 9. Bd3 Re8 10. O-O Nf8 11. h3 (11. Rab1) (11. Rae1) 11... Be6 12. Rab1
Ne4 13. Bf4 (13. Bxe7 {La grande ligne} Rxe7 14. b4 Bf5 15. Nd2 Nxc3 16. Qxc3
Bxd3 17. Qxd3 Ne6 18. b5 c5 19. dxc5 Nxc5 20. Qa3 Ne6 21. Nf3 Rd7 22. Rfd1 d4
23. Nxd4 Nxd4 24. exd4 Rxd4 25. Qf3 Rxd1+ 26. Rxd1 Qe7 27. Qe3 Kf8 28. Qd3 g6
29. a4 Qh4 30. Qf3 Qxa4 31. Rd7 Qa1+ 32. Kh2 Qe5+ 33. g3 Qf5 34. Qxf5 gxf5 35.
Rxb7 a5 36. b6 Ra6 37. Ra7 Rxb6 38. Rxa5 Rf6 39. h4 Kg7 40. Kg2 Kg6 41. Kf3 Rb6
{1/2-1/2 (41) Bacrot,E (2723)-Stojanovic,M (2572) Basel 2011}) 13... Bd6 14.
Bxd6 Nxd6 15. Ne5 (15. b4 {La suite logique et Rab1 sera finalement une perte
de temps dans la partie} Ng6 (15... Nc4) 16. b5) 15... Qf6 $146 {87
Visisblement, le belge suit toujours une préparation maison} (15... Qc8 16. Ne2
Bf5 17. Bxf5 Nxf5 18. Rbc1 Nd6 19. Nf4 Ne6 20. Nfd3 Ng5 21. Nc5 Nge4 22. Nxe4
Nxe4 23. b4 a6 24. a4 Nd6 25. Nd3 Re6 26. Nf4 Re8 27. Nd3 Qd8 28. a5 Qe7 29.
Nc5 Rad8 30. Rfe1 Qg5 31. Qe2 Re7 32. Qg4 Qf6 33. Qf3 Qh6 34. Red1 Ne4 35. Rd3
Rde8 36. Rcd1 Qd6 37. Rb3 Qc7 38. Ra3 Rd8 39. Kh1 Rd6 40. Nxe4 Rxe4 41. Qg3 Qd8
42. Rc3 Rg6 43. Qh2 h6 44. Rdc1 Kh7 45. Rc5 {Machalova,M (2187)-Rozic,V (2293)
Dresden 2008 0-1}) 16. Ne2 Ng6 $11 17. Ng3 Nxe5 18. dxe5 Qxe5 19. Bxh7+ Kh8 20.
Bd3 Qf6 {52} 21. Rbd1 Re7 22. b3 Bd7 23. Be2 Rae8 24. Rd4 Kg8 25. Rfd1 Ne4 26.
Nxe4 1/2-1/2

[Event "Metz op 30th"]
[Site "Metz"]
[Date "2012.04.23"]
[Round "3"]
[White "Michiels, Bart"]
[Black "Solodovnichenko, Yuri"]
[Result "1/2-1/2"]
[WhiteElo "2502"]
[BlackElo "2615"]
[Annotator "Metz Alekhine/Primel,D"]
[PlyCount "70"]
[EventDate "2012.04.14"]
[EventType "swiss"]
[EventRounds "9"]
[EventCountry "FRA"]
[SourceTitle "EXT 2013"]
[Source "ChessBase"]
[SourceDate "2012.11.22"]
[SourceVersion "1"]
[SourceVersionDate "2012.11.22"]
[SourceQuality "1"]

1. d4 Nf6 2. c4 e6 3. Nc3 d5 4. cxd5 exd5 5. Bg5 c6 6. e3 h6 7. Bh4 Be7 8. Bd3
O-O 9. Qc2 Re8 10. Nf3 (10. Nge2) 10... Ne4 11. Bxe7 Qxe7 12. O-O Nd7 13. b4
Ndf6 14. Rab1 Nxc3 (14... Bf5 15. Na4 Bh7 16. Ne5 Nd6 17. Bxh7+ Nxh7 18. Nc5 f6
19. Ng6 Qf7 20. a4 a6 21. Rfe1 Nf8 22. Nf4 Re7 23. Re2 g5 24. Nfd3 Ng6 25. Rbe1
Rae8 26. f3 f5 27. f4 Qg7 28. Ne5 Kh7 29. Rf1 g4 30. b5 axb5 31. axb5 cxb5 32.
Qb3 Qg8 33. Ncd7 Qe6 34. Qxd5 Kg7 35. Qxe6 Rxe6 36. Rc1 Ra8 37. Nb6 Ra3 38. Nd5
Nc4 39. Nxc4 bxc4 40. Rxc4 Ra5 41. Rc7+ Kg8 42. Nc3 Rc6 43. Rxc6 bxc6 44. Rc2 {
Riazantsev,A (2617)-Meister,J (2487) Satka 2008 1-0 (72)}) 15. Qxc3 Ne4 16. Qc2
Be6 (16... a6) 17. Ne5 $146 (17. a4 a5 18. b5 cxb5 19. Bxb5 Rec8 20. Qb2 Nc3
21. Rbc1 Qb4 22. Qxb4 axb4 23. Nd2 Nxa4 24. Rb1 Rc2 25. Rxb4 Nc3 26. Nf3 Bf5
27. Nh4 Bh7 28. Bd7 Bd3 29. Re1 Raa2 30. Rxb7 Rxf2 31. Rc7 Rfc2 32. Kh1 Be4 33.
Bf5 Bxf5 34. Nxf5 Rxg2 35. Rxc3 Rxh2+ 36. Kg1 Rhg2+ 37. Kh1 Rh2+ 38. Kg1 Rag2+
39. Kf1 Rf2+ 40. Kg1 Rhg2+ 41. Kh1 {1/2-1/2 (41) Fordan,T (2272)-Porubszky
Angyalosine,M (2194) Hungary 1999}) 17... f6 18. Ng6 Qf7 19. Nf4 g5 20. f3 Nd6
21. Bg6 Qf8 22. Bxe8 gxf4 23. Bg6 f5 (23... fxe3 24. Rbe1) 24. exf4 Qf6 25. Bh5
Qxd4+ 26. Qf2 Qxf2+ 27. Rxf2 {Les compensations du centre ne sont peut-être
pas suffisantes pour les Noirs} Kf8 28. Re1 Bg8 29. g4 (29. Rfe2 $36) 29... Rd8
30. gxf5 d4 $1 31. f6 Bf7 32. Bxf7 Kxf7 33. Rd2 Nf5 34. Kf2 Kxf6 35. Re5 b6
1/2-1/2

[Event "Metz op 30th"]
[Site "Metz"]
[Date "2012.04.23"]
[Round "4"]
[White "Sanikidze, Tornike"]
[Black "Gurevich, Mikhail"]
[Result "0-1"]
[WhiteElo "2549"]
[BlackElo "2611"]
[Annotator "Metz Alekhine/Primel,D"]
[PlyCount "72"]
[EventDate "2012.04.14"]
[EventType "swiss"]
[EventRounds "9"]
[EventCountry "FRA"]
[SourceTitle "EXT 2013"]
[Source "ChessBase"]
[SourceDate "2012.11.22"]
[SourceVersion "1"]
[SourceVersionDate "2012.11.22"]
[SourceQuality "1"]

1. d4 d5 2. c4 c6 3. Nf3 Nf6 4. Nc3 e6 5. cxd5 {La variante d'échange avec un
Nf3 joué avant Qc2 ou Bd3 ne pose pas trop de problèmes aux Noirs pour égaliser
} exd5 6. Qc2 g6 {[%cal Gc8f5]} 7. Bg5 Be7 8. e4 dxe4 9. Bxf6 Bxf6 10. Qxe4+
Qe7 11. Bc4 Bf5 12. Qxe7+ Kxe7 13. O-O-O Nd7 $11 14. d5 $146 (14. h3 h5 15.
Rhe1+ Kf8 16. Bd3 Bxd3 17. Rxd3 Kg7 18. Ne4 Rhd8 19. Nd6 Rab8 20. Rde3 Kf8 21.
Ne4 Kg7 22. Nd6 Kf8 23. Ne4 Kg7 {1/2-1/2 (23) Romanov,E (2624)-Potkin,V (2682)
Taganrog 2011}) (14. Rhe1+ Kd6 (14... Kf8 {[%cal Gf8g7]} 15. Ne4 Bxe4 16. Rxe4
Kg7 17. d5)) 14... Bxc3 15. bxc3 Nb6 16. d6+ Kf6 17. Bb3 Rhe8 18. h4 h6 19. h5
g5 20. Nd4 Be4 $1 {Provoque l'affaiblissement de la case "e3"} 21. f3 Bh7 {
[%csl Re3]} 22. g4 Rad8 23. f4 $1 {[%csl Rf6]} Nd5 (23... gxf4 24. Rhf1 Kg5 25.
Bxf7) 24. fxg5+ Kxg5 25. Nf3+ $1 Kf4 26. Bxd5 cxd5 27. Rhf1 Rxd6 28. Nd4+ {
Bizarrement, la découverte ne donne pas grand-chose pour les Blancs} Kxg4 29.
Rg1+ Kf4 30. Rdf1+ Ke5 31. Rxf7 (31. Re1+ $2 Be4) 31... Be4 32. Rxb7 Rc8 33.
Kd2 Ra6 34. Re7+ $2 (34. Rb2) 34... Kf6 35. Rgg7 Rxa2+ 36. Kd1 $2 Rxc3 0-1